Logical Elimination Click Quiz -South and Southeast Asia Countries - Statistics

General Stats
  • This quiz has been taken 38 times
  • The average score is 5 of 10
Answer Stats
Hint Answer % Correct
I start with a letter A-H and end with a vowel Cambodia
86%
My capital has a B in it Thailand
71%
My flag has green on it Bangladesh
67%
My capital has two words India
62%
I start with a letter A through M Laos
48%
I border Bangladesh (I am not Bangladesh) Myanmar
48%
I am landlocked Nepal
48%
My flag has orange on it Bhutan
43%
I border Thailand but not China Malaysia
33%
I am the remaining country Vietnam
33%
No matching quizzes found
Score Distribution
Percent of People with Each Score
Percentile by Number Answered
Your Score History
You have not taken this quiz